Accelerating growth and job creation in South Asia / (Record no. 27677)

MARC details
000 -LEADER
fixed length control field 01871nam a22003977a 4500
005 - DATE AND TIME OF LATEST TRANSACTION
control field 20090620120218.0
008 - FIXED-LENGTH DATA ELEMENTS--GENERAL INFORMATION
fixed length control field 090620t xxu||||| |||| 00| 0 eng d
010 ## - LCCN (DPL NO)
LC control number ENG-94144
020 ## - INTERNATIONAL STANDARD BOOK NUMBER
International Standard Book Number 9780198060048
Terms of availability 795.00
020 ## - INTERNATIONAL STANDARD BOOK NUMBER
International Standard Book Number 0198060041
Terms of availability 795.00
035 ## - SYSTEM CONTROL NUMBER
System control number EN-77677
037 ## - SOURCE OF ACQUISITION
Source of stock number/acquisition DBAD / PUB
040 ## - CATALOGING SOURCE
Original cataloging agency dpl
Language of cataloging English
082 ## - DEWEY DECIMAL CLASSIFICATION NUMBER
Classification number 338.954
111 ## - MAIN ENTRY--MEETING NAME
Meeting name or jurisdiction name as entry element SAARC Business Conclave
Location of meeting Bombay, India
Date of meeting 2007
Number of part/section/meeting 2nd
245 ## - TITLE STATEMENT
Title Accelerating growth and job creation in South Asia /
Statement of responsibility, etc edited by Ejaz Ghani [and] Sadiq Ahmed
260 ## - PUBLICATION, DISTRIBUTION, ETC. (IMPRINT)
Place of publication, distribution, etc New Delhi
Name of publisher, distributor, etc Oxford University Press
Date of publication, distribution, etc 2009
270 ## - ADDRESS
Address YMCA Library Building, Jai Singh Road,
City New Delhi
Postal code 110001
300 ## - PHYSICAL DESCRIPTION
Extent xxvi, 467p.
Dimensions 23cm(Hb)
Other physical details maps
500 ## - GENERAL NOTE
General note Includes statistics.
500 ## - GENERAL NOTE
General note Includes bibliographical references.
520 ## - SUMMARY, ETC.
Summary, etc Transcript of papers presented during the 2nd SAARC Business Conclave held in Mumbai, India in 2007 organized by South Asia Region of the World Bank in collaboration with South Asian Association for Regional Cooperation.
650 ## - SUBJECT ADDED ENTRY--TOPICAL TERM
Topical term or geographic name as entry element Economic development
Geographic subdivision South Asia
Form subdivision Congresses.
650 ## - SUBJECT ADDED ENTRY--TOPICAL TERM
Topical term or geographic name as entry element Economic development
Geographic subdivision South Asia
Form subdivision Statistics
-- Congresses
650 ## - SUBJECT ADDED ENTRY--TOPICAL TERM
Topical term or geographic name as entry element Job creation
Geographic subdivision South Asia
Form subdivision Congresses
650 ## - SUBJECT ADDED ENTRY--TOPICAL TERM
Topical term or geographic name as entry element Job creation
Geographic subdivision South Asia
Form subdivision Statistics
-- Congresses
650 ## - SUBJECT ADDED ENTRY--TOPICAL TERM
Topical term or geographic name as entry element Manpower policy
Geographic subdivision South Asia
Form subdivision Congresses
650 ## - SUBJECT ADDED ENTRY--TOPICAL TERM
Topical term or geographic name as entry element Manpower policy
Geographic subdivision South Asia
Form subdivision Statistics
-- Congresses
650 ## - SUBJECT ADDED ENTRY--TOPICAL TERM
Topical term or geographic name as entry element South Asian cooperation
Form subdivision Congresses.
700 ## - ADDED ENTRY--PERSONAL NAME
Personal name Ejaz Ghani
700 ## - ADDED ENTRY--PERSONAL NAME
Personal name Sadiq Ahmed
710 ## - ADDED ENTRY--CORPORATE NAME
Corporate name or jurisdiction name as entry element South Asian Association for Regional Cooperation.
710 ## - ADDED ENTRY--CORPORATE NAME
Corporate name or jurisdiction name as entry element World Bank
Subordinate unit South Asia Regional Office.
942 ## - ADDED ENTRY ELEMENTS (KOHA)
Source of classification or shelving scheme Dewey Decimal Classification
Item type English Books
Call number suffix ACC
Classification part 338.954
Holdings
Withdrawn status Lost status Source of classification or shelving scheme Damaged status Not for loan Collection code Home library Current library Date acquired Source of acquisition Cost, normal purchase price Total Checkouts Full call number Barcode Date last seen Copy number Cost, replacement price Koha item type
    Dewey Decimal Classification   Not For Loan Non-fiction D.B.Act.Division D.B.Act.Division 20/06/2009 DBAD / PUB 795.00   338.954 ACC EN-77677 20/06/2009 1 795.00 English Books

© Delhi Public Library
Hit Counter
free hit counter